History Quiz

Random History Quiz

Party in Spain Quiz Stats

 Plays Quiz not verified by Sporcle

Challenge
Share
Tweet
Score 0/32 Timer 15:00
0 Plays Today
Hint Answer % Correct
1989People's Party
81.5%
1879Spanish Socialist Workers' Party
40.7%
1986United Left
40.7%
1895Basque Nationalist Party
29.6%
2005Citizens - Party of the Citizenry
29.6%
1978Convergence and Union
22.2%
2011Gather
22.2%
2007Union, Progress and Democracy
18.5%
1931Republican Left of Catalonia
14.8%
1982Galician Nationalist Bloc
14.8%
1993Canarian Coalition
14.8%
1978Aragonese Party
14.8%
2005New Canaries
11.1%
2011Amaiur
3.7%
1986Aragonese Union
3.7%
2011Yes to the Future
3.7%
Hint Answer % Correct
2012Galician Left Alternative
3.7%
1986Leonese People's Union
3.7%
1978Regionalist Party of Cantabria
3.7%
1982Riojan Party
3.7%
1999Valencian Nationalist Bloc
3.7%
2012Anova-Nationalist Brotherhood
3.7%
1987Initiative for Catalonia Greens
0%
2010Commitment Coalition
0%
2011Asturias Forum
0%
1979Navarrese People's Union
0%
2012Basque Country Unite
0%
2010Catalan Solidarity for Independence
0%
1995Coalition for Melilla
0%
1976Majorca Socialist Party
0%
1986Popular Unity Candidates
0%
2014Heartwood
0%

You're not logged in!

Compare scores with friends on all Sporcle quizzes.
Join for Free
OR
Log In

You Might Also Like...

Show Comments

Extras

Created Mar 16, 2015ReportNominate
Tags:party, road, Spain

Top Quizzes Today


Score Distribution

Your Account Isn't Verified!

In order to create a playlist on Sporcle, you need to verify the email address you used during registration. Go to your Sporcle Settings to finish the process.

Report this User

Report this user for behavior that violates our Community Guidelines.

Details: